Teorie a praxe Tržní rovnováha

Definícia trhovej rovnováhy. Trhové mechanizmy na znovunastolenie trhovej rovnováhy, ak je porušená. Pohyb cien. Vzájomná väzba medzi dopytom a ponukou na trhu. Výrobné náklady. Potreba chápania trhovej rovnováhy v súvislosti s ostatnými prvkami, ktoré charakterizujú úroveň ekonomiky.

Guardado en:
Detalles Bibliográficos
Autor principal: Janíčko, Pavel
Formato: Capítulo de libro
Lenguaje:checo
Materias:
Etiquetas: Agregar Etiqueta
Sin Etiquetas, Sea el primero en etiquetar este registro!

MARC

LEADER 00000naa a2200000 4500
001 r017951
005 20230113115841.3
041 0 |a cze 
044 |a CZ 
245 1 0 |a Teorie a praxe  |b Tržní rovnováha  |c P. Janíčko 
520 |a Definícia trhovej rovnováhy. Trhové mechanizmy na znovunastolenie trhovej rovnováhy, ak je porušená. Pohyb cien. Vzájomná väzba medzi dopytom a ponukou na trhu. Výrobné náklady. Potreba chápania trhovej rovnováhy v súvislosti s ostatnými prvkami, ktoré charakterizujú úroveň ekonomiky. 
610 2 0 |a rovnováha trhová 
610 2 0 |a ceny 
610 2 0 |a trh 
610 2 0 |a dopyt 
610 2 0 |a ponuka 
610 2 0 |a náklady výrobné 
100 1 |a Janíčko, Pavel